000 00665nam a2200217 a 4500
999 _c1161
_d1161
001 1161
003 BD-JhCC
005 20171016093917.0
008 171016s2005 bg |||| |||| 000 0 ben d
035 _a(BD-JhCC)1161
040 _aBD-JhCC
_dBD-JhCC
041 _aben
082 _a891.443
_bQUA 2005
100 _aকামরুজ্জামান, মো:
245 _aকাক কোকিল /
_c মো: কামরুজ্জামান
260 _aময়মনসিংহ :
_b3 T প্রকাশনী,
_c২০০৫.
300 _a৯৬ পৃ.:
_c২১ সেমি.
650 _aBengali Novel
942 _2ddc
_cBK